Harry Potter Top 20 Finder Quiz Stats

 Plays Quiz Updated Jan 19, 2017

Support Sporcle.
Go Orange.
Score 0/20 Timer 06:00
29 Plays Today
% Correct
Harry Potter
91.1%
Albus Dumbledore
90.7%
Hermione Granger
90%
Ron Weasley
87.5%
Lord Voldemort
87.4%
Draco Malfoy
87.4%
Severus Snape
84.9%
Ginny Weasley
82.1%
Neville Longbottom
81.5%
Rubeus Hagrid
80.7%
% Correct
Sirius Black
80.4%
Fred Weasley
78.8%
Minerva McGonagall
77.8%
George Weasley
77.5%
Arthur Weasley
65.6%
Remus Lupin
64%
Molly Weasley
61.9%
Dolores Umbridge
40.3%
Alastor Moody
39.5%
Vernon Dursley
29.6%

You're not logged in!

Compare scores with friends on all Sporcle quizzes.
OR
Log In
Forgot?

From the Vault

Holidays with The Simpsons

by Rackie

Who wouldn't want to spend the holidays in Springfield?
Remove Ads.
Support Sporcle.
Get the best of Sporcle when you Go Orange. This ad-free experience offers more features, more stats, and more fun while also helping to support Sporcle. Thank you for becoming a member.

Show Comments

Extras

Top Quizzes Today


Score Distribution

Your Account Isn't Verified!

In order to create a playlist on Sporcle, you need to verify the email address you used during registration. Go to your Sporcle Settings to finish the process.

Report this User

Report this user for behavior that violates our Community Guidelines.

Details: